Statistics for Five Highest-Rated FIFA 17 Players by Country #2

Click here to take the quiz!

General Stats

  • This quiz has been taken 298 times
  • The average score is 20 of 40

Answer Stats

Country#Answer% Correct
Uruguay92Luis Suárez
94%
Croatia89Luka Modrić
92%
Italy88Gianluigi Buffon
89%
Colombia87James Rodríguez
87%
Chile87Alexis Sánchez
84%
Chile87Arturo Vidal
81%
Uruguay85Edison Cavani
80%
Netherlands87Arjen Robben
77%
England84Harry Kane
77%
Italy88Giorgio Chiellini
74%
England84Wayne Rooney
74%
Italy87Leonardo Bonucci
73%
Croatia87Ivan Rakitić
70%
Uruguay88Diego Godín
68%
England84Joe Hart
61%
Switzerland82Xherdan Shaqiri
58%
Switzerland84Granit Xhaka
57%
Colombia81Falcao
55%
Switzerland83Ricardo Rodríguez
55%
Croatia83Ivan Perišić
52%
Netherlands81Robin van Persie
51%
Croatia83Mario Mandžukić
49%
Chile85Claudio Bravo
45%
Italy86Andrea Barzagli
44%
Colombia82Juan Cuadrado
42%
Netherlands83Wesley Sneijder
38%
Switzerland84Yann Sommer
36%
England84Daniel Sturridge
33%
Uruguay83Jose Giménez
33%
Italy86Claudio Marchisio
32%
England84Chris Smalling
29%
Uruguay83Fernando Muslera
28%
Croatia83Danijel Subašić
27%
Chile83Gary Medel
26%
Netherlands82Stefan de Vrij
20%
Colombia84Carlos Bacca
19%
Switzerland83Stephan Lichtsteiner
11%
Chile81Fabian Orellana
6%
Colombia80Jeison Murillo
6%
Netherlands81Kevin Strootman
2%

Score Distribution

Percentile by Number Answered

Percent of People with Each Score

Your Score History

You have not taken this quiz